Patología estructural y funcional / (Record no. 130992)

MARC details
000 -LEADER
campo de control de longitud fija 00706nam a2200205 4500
001 - NÚMERO DE CONTROL
campo de control 130992
003 - IDENTIFICADOR DE NÚMERO DE CONTROL
campo de control ES-MaACL
005 - FECHA Y HORA DE LA ÚLTIMA TRANSACCIÓN
campo de control 20230906193908.0
007 - CAMPO FIJO DE DESCRIPCIÓN FÍSICA--INFORMACIÓN GENERAL
campo de control de longitud fija t|
008 - DATOS DE LONGITUD FIJA--INFORMACIÓN GENERAL
campo de control de longitud fija 070214s1987 mx r ||||1| spa d
100 1# - ENTRADA PRINCIPAL--NOMBRE DE PERSONA
Nombre de persona Robbins, Stanley L.
9 (RLIN) 97790
245 10 - MENCIÓN DEL TÍTULO
Título Patología estructural y funcional /
Mención de responsabilidad, etc. Stanley L. Robbins, Ramzi S. Cotran, Vinay Kumar ; traducción, Joaquín Valero Oyarzábal... [et al.].
250 ## - MENCION DE EDICION
Mención de edición 3ª ed.
260 ## - PUBLICACIÓN, DISTRIBUCIÓN, ETC.
Lugar de publicación, distribución, etc. México [etc.] :
Nombre del editor, distribuidor, etc. Ed. Interamericana,
Fecha de publicación, distribución, etc. 1987.
300 ## - DESCRIPCIÓN FÍSICA
Extensión XII, 1424 p. :
Otras características físicas il. ;
Dimensiones 29 cm.
700 1# - ENTRADA AGREGADA--NOMBRE PERSONAL
Nombre de persona Cotran, Ramzi S.
9 (RLIN) 41179
700 1# - ENTRADA AGREGADA--NOMBRE PERSONAL
Nombre de persona Kumar, Vinay.
9 (RLIN) 69017
700 1# - ENTRADA AGREGADA--NOMBRE PERSONAL
Nombre de persona Valero Oyarzábal, Joaquín.
9 (RLIN) 112677
852 ## - LOCALIZACIÓN
Ubicación ES-MaACL
Número de control de estantería L-11852
Sublocalización o colección R.114359
Holdings
Estatus retirado Estado de pérdida Estado de daño No para préstamo Biblioteca de origen Biblioteca actual Ubicación en estantería Fecha de adquisición Fuente de adquisición Total de préstamos Signatura topográfica completa Código de barras Visto por última vez Precio de reemplazo Tipo de ítem Koha
        Biblioteca del Ateneo de Madrid Biblioteca del Ateneo de Madrid Depósito 2 17/01/2008     L-11852 1136379 23/02/2023 23/02/2023 Libro impreso